书目信息 |
| 题名: |
平面设计基础的实用性表达
|
|
| 作者: | 孙妍 著 | |
| 分册: | ||
| 出版信息: | 长春 吉林美术出版社 2019 |
|
| 页数: | 212页 | |
| 开本: | 24cm | |
| 丛书名: | ||
| 单 册: | ||
| 中图分类: | J511 | |
| 科图分类: | ||
| 主题词: | 平面设计--ping mian she ji | |
| 电子资源: | ||
| ISBN: | 978-7-5575-3438-7 | |
| 000 | 01023nam0 2200253 450 | |
| 001 | 012001006456 | |
| 005 | 20131016160224.0 | |
| 010 | @a978-7-5575-3438-7@dCNY56.00 | |
| 099 | @aCAL 012019075356 | |
| 100 | @a20190411d2019 em y0chiy50 ea | |
| 101 | 0 | @achi |
| 102 | @aCN@b220000 | |
| 105 | @aa z 000yy | |
| 106 | @ar | |
| 200 | 1 | @a平面设计基础的实用性表达@Aping mian she ji ji chu de shi yong xing biao da@f孙妍著 |
| 210 | @a长春@c吉林美术出版社@d2019 | |
| 215 | @a212页@c图@d24cm | |
| 330 | @a本书融平面设计的基础和实用性为一体,不仅实现了实用性和审美性的平衡统一,而且为平面设计的初学者的学习提供了帮助和建议。前半部分着重于平面设计的基础,从理解平面设计入手,详细介绍了构成基础、常用的设计软件、六大突出要素。后半部分,着重于实用性表达。主要集中在实用性表达的原则、实现和实例三个方面。期待这本书给读者带来共鸣! | |
| 333 | @a平面设计师 | |
| 606 | 0 | @a平面设计@Aping mian she ji |
| 690 | @aJ511@v5 | |
| 701 | 0 | @a孙妍@Asun yan@4著 |
| 801 | 0 | @aCN@b上海新华@c20191020 |
| 905 | @b1099645-8@dJ511@e493@f4 | |
| 平面设计基础的实用性表达/孙妍著.-长春:吉林美术出版社,2019 |
| 212页:图;24cm |
| 使用对象:平面设计师 |
| ISBN 978-7-5575-3438-7:CNY56.00 |
| 本书融平面设计的基础和实用性为一体,不仅实现了实用性和审美性的平衡统一,而且为平面设计的初学者的学习提供了帮助和建议。前半部分着重于平面设计的基础,从理解平面设计入手,详细介绍了构成基础、常用的设计软件、六大突出要素。后半部分,着重于实用性表达。主要集中在实用性表达的原则、实现和实例三个方面。期待这本书给读者带来共鸣! |
| ● |
| 相关链接 |
|
|
|
|
正题名:平面设计基础的实用性表达
索取号:J511/493
 
预约/预借
| 序号 | 登录号 | 条形码 | 馆藏地/架位号 | 状态 | 备注 |
| 1 | 1099645 | 210996458 | 第一样本阅览室/ [索取号:J511/493] | 在馆 | |
| 2 | 1099646 | 210996467 | 第一借阅区/ [索取号:J511/493] | 在馆 | |
| 3 | 1099647 | 210996476 | 第一借阅区/ [索取号:J511/493] | 在馆 | |
| 4 | 1099648 | 210996485 | 第一借阅区/ [索取号:J511/493] | 在馆 |